Problem proven. (Record no. 60772)

MARC details
000 -LEADER
fixed length control field 00592cam a2200181 4500
001 - CONTROL NUMBER
control field ABS61095
008 - FIXED-LENGTH DATA ELEMENTS--GENERAL INFORMATION
fixed length control field 000000n1999 000 0 eng u
035 ## - SYSTEM CONTROL NUMBER
System control number (Sirsi) u101644
100 ## - MAIN ENTRY--PERSONAL NAME
Personal name Smith, J.
245 ## - TITLE STATEMENT
Title Problem proven.
260 ## - PUBLICATION, DISTRIBUTION, ETC.
Date of publication, distribution, etc. 1999
490 ## - SERIES STATEMENT
Series statement House Builder
Volume/sequential designation 58(7) August 1999, 24-25(2)
520 ## - SUMMARY, ETC.
Summary, etc. The National Land Use Databank highlights regional differences in meeting the government's target of achieving 60% of development on brownfield sites. Map.
650 ## - SUBJECT ADDED ENTRY--TOPICAL TERM
Topical term or geographic name entry element BROWNFIELD SITES
650 ## - SUBJECT ADDED ENTRY--TOPICAL TERM
Topical term or geographic name entry element HOUSING
690 ## - LOCAL SUBJECT ADDED ENTRY--TOPICAL TERM (OCLC, RLIN)
Topical term or geographic name as entry element PROPERTY-PROPERTY DEVELOPMENT
942 ## - ADDED ENTRY ELEMENTS (KOHA)
Suppress in OPAC 0
Holdings
Withdrawn status Lost status Source of classification or shelving scheme Damaged status Not for loan Home library Current library Shelving location Date acquired Total Checkouts Full call number Barcode Date last seen Copy number Price effective from Koha item type
    Dewey Decimal Classification     London London Journal article 09/11/1999   ABS61095 101644-1001 06/08/2019 1 06/08/2019 Journal article